Witamy w Bibliotece Naukowej Instytutu Łączności!

DOS-PC : (Rekord nr 18738)

000 -LEADER
fixed length control field 01093cam a2200265 i 4500
005 - DATE AND TIME OF LATEST TRANSACTION
control field 20171212141853.0
008 - FIXED-LENGTH DATA ELEMENTS--GENERAL INFORMATION
fixed length control field 131029s1987 pl a g |000 0 pol c
035 ## - SYSTEM CONTROL NUMBER
System control number xx002945999
039 #9 - LEVEL OF BIBLIOGRAPHIC CONTROL AND CODING DETAIL [OBSOLETE]
Level of rules in bibliographic description 201702201339
Level of effort used to assign nonsubject heading access points kopilwa
Level of effort used to assign subject headings 201505241558
Level of effort used to assign classification kopumk
Level of effort used to assign subject headings 201312020135
Level of effort used to assign classification VLOAD
Level of effort used to assign subject headings 201311291134
Level of effort used to assign classification bj
-- 201310291043
-- vbj
040 ## - CATALOGING SOURCE
Original cataloging agency KR U/AgP
Transcribing agency KR U/AgP
Modifying agency KR U/KNs
245 00 - TITLE STATEMENT
Title DOS-PC :
Remainder of title dyskowy system operacyjny /
Statement of responsibility, etc [komputerowa red. tekstu J. A. Szaniawski] ; Instytut. Maszyn Matematycznych.
250 ## - EDITION STATEMENT
Edition statement edycja 13.03. 1987.
260 ## - PUBLICATION, DISTRIBUTION, ETC. (IMPRINT)
Place of publication, distribution, etc Warszawa :
Name of publisher, distributor, etc Mikrokomputery Przedsiebiorstwo Handlowo-Produkcyjne,
Date of publication, distribution, etc 1987.
300 ## - PHYSICAL DESCRIPTION
Extent [354] s. :
Other physical details il. ;
Dimensions 24 cm.
490 1# - SERIES STATEMENT
Series statement Biblioteka MAZOVII : oprogramowanie - PC
650 ## - SUBJECT ADDED ENTRY--TOPICAL TERM
Topical term or geographic name as entry element Mikrokomputery
Form subdivision podręczniki.
650 ## - SUBJECT ADDED ENTRY--TOPICAL TERM
Topical term or geographic name as entry element Systemy operacyjne (informatyka)
Form subdivision podręczniki.
650 ## - SUBJECT ADDED ENTRY--TOPICAL TERM
Topical term or geographic name as entry element PC DOS (system operacyjny)
Form subdivision podręczniki.
700 1# - ADDED ENTRY--PERSONAL NAME
Personal name Szaniawski, Jerzy Andrzej.
Relator term Red.
830 #0 - SERIES ADDED ENTRY--UNIFORM TITLE
Uniform title Biblioteka MAZOVII
961 ## -
-- WA_310
962 ## -
-- KR_U
968 ## -
-- TOR_U
Egzemplarze
Withdrawn status Lost status Source of classification or shelving scheme Damaged status Not for loan Permanent Location Current Location Shelving location Date acquired Inventory number Full call number Barcode Date last seen Price effective from Koha item type
          Instytut Łączności Instytut Łączności Magazyn 2018-01-03 35886 35886 35886 2022-07-22 2018-01-03 Książki

Działa dzięki Koha